000 00378nam a2200169Ia 4500
008 221030s9999 xx 000 0 und d
020 _a81765630808176563
041 _aEnglish
082 _a105.23
100 _aSybex
245 0 _aHTML Complete
_cby Sybex
250 _a2nd
260 _bBPB Pub
_aNew Delhi
_c2003
300 _a1010
650 _aBE Computer
942 _cBK
999 _c3879
_d3879